| 000 | 00631nam a22001937a 4500 | ||
|---|---|---|---|
| 005 | 20231215111903.0 | ||
| 008 | 231215b |||||||| |||| 00| 0 eng d | ||
| 020 | _a9556070400 | ||
| 082 |
_a365 _bDE |
||
| 100 | _aDe Silva, Nirekha | ||
| 245 | _aReport on effective prison rehabilitation systems for Sri Lanka | ||
| 260 |
_aColombo: _bSri Lanka Foundation, _c2004 |
||
| 260 |
_aColombo: _bFriedrich Ebert Stiftung, _c2004 |
||
| 300 |
_axx, 60 p.; 23 cm _bBibliography included |
||
| 650 | _aCriminals Rehabilitation- Sri Lanka | ||
| 650 | _aPrison administration- Sri Lanka | ||
| 650 | _aRehabilitation- Sri Lanka | ||
| 942 | _cBK | ||
| 999 |
_c4479 _d4479 |
||